<?xml version="1.0" encoding="UTF-8"?>
<record
    xmlns:xsi="http://www.w3.org/2001/XMLSchema-instance"
    xsi:schemaLocation="http://www.loc.gov/MARC21/slim http://www.loc.gov/standards/marcxml/schema/MARC21slim.xsd"
    xmlns="http://www.loc.gov/MARC21/slim">

  <leader>01045nam a22002657a 4500</leader>
  <controlfield tag="001">38340</controlfield>
  <controlfield tag="003">BD-RjUL</controlfield>
  <controlfield tag="005">20211209052757.0</controlfield>
  <controlfield tag="008">151108s1980    ii ||||| |||| 00| 0 ben d</controlfield>
  <datafield tag="020" ind1=" " ind2=" ">
    <subfield code="c">: Tk. 23.00</subfield>
  </datafield>
  <datafield tag="035" ind1=" " ind2=" ">
    <subfield code="a">(BD-RjUL)38445</subfield>
  </datafield>
  <datafield tag="040" ind1=" " ind2=" ">
    <subfield code="a">BD-RjUL</subfield>
    <subfield code="b">ben</subfield>
    <subfield code="c">BD-RjUL</subfield>
  </datafield>
  <datafield tag="041" ind1=" " ind2=" ">
    <subfield code="a">ben</subfield>
  </datafield>
  <datafield tag="082" ind1=" " ind2=" ">
    <subfield code="a">297.1221</subfield>
    <subfield code="b">RAQ 1980</subfield>
    <subfield code="2">23</subfield>
  </datafield>
  <datafield tag="100" ind1="1" ind2=" ">
    <subfield code="a">&#x9B0;&#x9B9;&#x9AE;&#x9BE;&#x9A8;, &#x9AE;&#x9C1;&#x9B9;&#x9BE;&#x9AE;&#x9CD;&#x9AE;&#x9A6; &#x9AE;&#x9C1;&#x99C;&#x9C0;&#x9AC;&#x9C1;&#x9B0; </subfield>
    <subfield code="9">118497</subfield>
  </datafield>
  <datafield tag="245" ind1="1" ind2="0">
    <subfield code="a">&#x995;&#x9C1;&#x9B0;&#x986;&#x9A8;&#x9C7;&#x9B0; &#x99A;&#x9BF;&#x9B0;&#x9A8;&#x9CD;&#x9A4;&#x9A8; &#x9AE;&#x9C1;'&#x99C;&#x9BF;&#x9AF;&#x9BE; /</subfield>
    <subfield code="c">&#x9AE;&#x9C1;&#x9B9;&#x9BE;&#x9AE;&#x9CD;&#x9AE;&#x9A6; &#x9AE;&#x9C1;&#x99C;&#x9C0;&#x9AC;&#x9C1;&#x9B0; &#x9B0;&#x9B9;&#x9AE;&#x9BE;&#x9A8; </subfield>
  </datafield>
  <datafield tag="250" ind1=" " ind2=" ">
    <subfield code="a">&#x9E7;&#x9AE; &#x9AA;&#x9CD;&#x9B0;&#x995;&#x9BE;&#x9B6;</subfield>
  </datafield>
  <datafield tag="260" ind1=" " ind2=" ">
    <subfield code="a">&#x9A2;&#x9BE;&#x995;&#x9BE; :</subfield>
    <subfield code="b">&#x987;&#x9B8;&#x9B2;&#x9BE;&#x9AE;&#x9BF;&#x995; &#x9AB;&#x9BE;&#x989;&#x9A8;&#x9CD;&#x9A1;&#x9C7;&#x9B6;&#x9A8;,</subfield>
    <subfield code="c">&#x9E7;&#x9EF;&#x9EE;&#x9E6;.</subfield>
  </datafield>
  <datafield tag="300" ind1=" " ind2=" ">
    <subfield code="a">xxiv, &#x9E9;&#x9EA;&#x9EA; &#x9AA;&#x9C3;. ;</subfield>
    <subfield code="c">&#x9E8;&#x9E8; &#x9B8;&#x9C7;&#x9AE;&#x9BF;.</subfield>
  </datafield>
  <datafield tag="490" ind1=" " ind2=" ">
    <subfield code="a">&#x987;. &#x9AB;&#x9BE;. &#x9AA;&#x9CD;&#x9B0;&#x995;&#x9BE;&#x9B6;&#x9A8;&#x9BE; ;</subfield>
    <subfield code="v">&#x9EE;&#x9EA;&#x9EA;</subfield>
  </datafield>
  <datafield tag="650" ind1=" " ind2=" ">
    <subfield code="a">&#x995;&#x9C1;&#x9B0;&#x986;&#x9A8;</subfield>
    <subfield code="x">&#x9B8;&#x9A4;&#x9CD;&#x9AF;&#x9A4;&#x9BE;</subfield>
    <subfield code="9">237111</subfield>
  </datafield>
  <datafield tag="650" ind1=" " ind2=" ">
    <subfield code="a">The Quran</subfield>
    <subfield code="x">Authenticity</subfield>
    <subfield code="9">237112</subfield>
  </datafield>
  <datafield tag="830" ind1=" " ind2=" ">
    <subfield code="a">&#x987;. &#x9AB;&#x9BE;. &#x9AA;&#x9CD;&#x9B0;&#x995;&#x9BE;&#x9B6;&#x9A8;&#x9BE; ;</subfield>
    <subfield code="v">&#x9EE;&#x9EA;&#x9EA;</subfield>
    <subfield code="9">228218</subfield>
  </datafield>
  <datafield tag="942" ind1=" " ind2=" ">
    <subfield code="2">ddc</subfield>
    <subfield code="c">BK</subfield>
  </datafield>
  <datafield tag="999" ind1=" " ind2=" ">
    <subfield code="c">38340</subfield>
    <subfield code="d">38340</subfield>
  </datafield>
  <datafield tag="952" ind1=" " ind2=" ">
    <subfield code="0">0</subfield>
    <subfield code="1">0</subfield>
    <subfield code="2">ddc</subfield>
    <subfield code="4">0</subfield>
    <subfield code="7">0</subfield>
    <subfield code="8">NFIC</subfield>
    <subfield code="a">RUCL</subfield>
    <subfield code="b">RUCL</subfield>
    <subfield code="c">Stack</subfield>
    <subfield code="d">1981-06-26</subfield>
    <subfield code="e">The Author, Arabic Dept. , Rajshahi University</subfield>
    <subfield code="g">23.00</subfield>
    <subfield code="l">0</subfield>
    <subfield code="o">B 297.1221 RAQ 1980</subfield>
    <subfield code="r">2015-11-08 00:00:00</subfield>
    <subfield code="t">C-2</subfield>
    <subfield code="w">2021-12-09</subfield>
    <subfield code="y">BK</subfield>
  </datafield>
  <datafield tag="952" ind1=" " ind2=" ">
    <subfield code="0">0</subfield>
    <subfield code="1">0</subfield>
    <subfield code="2">ddc</subfield>
    <subfield code="4">0</subfield>
    <subfield code="7">0</subfield>
    <subfield code="8">NFIC</subfield>
    <subfield code="a">RUCL</subfield>
    <subfield code="b">RUCL</subfield>
    <subfield code="c">Stack</subfield>
    <subfield code="d">1981-06-26</subfield>
    <subfield code="e">The Author, Arabic Dept. , Rajshahi University</subfield>
    <subfield code="g">23.00</subfield>
    <subfield code="l">0</subfield>
    <subfield code="o">B 297.1221 RAQ 1980</subfield>
    <subfield code="r">2016-06-02 00:00:00</subfield>
    <subfield code="t">C-3</subfield>
    <subfield code="w">2021-12-09</subfield>
    <subfield code="y">BK</subfield>
  </datafield>
  <datafield tag="952" ind1=" " ind2=" ">
    <subfield code="0">0</subfield>
    <subfield code="1">0</subfield>
    <subfield code="2">ddc</subfield>
    <subfield code="4">0</subfield>
    <subfield code="7">1</subfield>
    <subfield code="8">NFIC</subfield>
    <subfield code="a">RUCL</subfield>
    <subfield code="b">RUCL</subfield>
    <subfield code="c">Reading</subfield>
    <subfield code="d">1981-06-26</subfield>
    <subfield code="e">The Author, Arabic Dept. , Rajshahi University</subfield>
    <subfield code="g">23.00</subfield>
    <subfield code="l">0</subfield>
    <subfield code="o">B 297.1221 RAQ 1980</subfield>
    <subfield code="r">2019-12-29 00:00:00</subfield>
    <subfield code="t">C-1</subfield>
    <subfield code="w">2019-12-29</subfield>
    <subfield code="y">BK</subfield>
  </datafield>
  <datafield tag="952" ind1=" " ind2=" ">
    <subfield code="0">0</subfield>
    <subfield code="1">0</subfield>
    <subfield code="2">ddc</subfield>
    <subfield code="4">0</subfield>
    <subfield code="7">0</subfield>
    <subfield code="8">NFIC</subfield>
    <subfield code="a">RUCL</subfield>
    <subfield code="b">RUCL</subfield>
    <subfield code="c">Stack</subfield>
    <subfield code="d">1981-06-26</subfield>
    <subfield code="e">Arabic Dept. , Rajshahi University</subfield>
    <subfield code="g">23.00</subfield>
    <subfield code="l">0</subfield>
    <subfield code="o">B 297.1221 RAQ 1980</subfield>
    <subfield code="r">2021-04-06 00:00:00</subfield>
    <subfield code="t">C-4</subfield>
    <subfield code="w">2021-04-06</subfield>
    <subfield code="y">BK</subfield>
  </datafield>
</record>
